[Event "GBR-ch 103th"]
[Site "Bournemouth"]
[Date "2016.07.25"]
[Round "1.1"]
[White "Shaw, Peter"]
[Black "Adams, Michael"]
[Result "0-1"]
[WhiteElo "2143"]
[BlackElo "2727"]
[PlyCount "124"]
[EventDate "2016.07.25"]
[EventType "swiss"]
[EventRounds "11"]
[EventCountry "GBR"]

1. d4 d5 2. c4 e6 3. Nc3 Nf6 4. Bg5 Nbd7 5. e3 c6 6. Nf3 Qa5 7. Nd2 Bb4 8. Qc2
O-O 9. Be2 e5 10. dxe5 Ne4 11. Ndxe4 dxe4 12. O-O Bxc3 13. Qxc3 Qxc3 14. bxc3
Nxe5 15. Bf4 Nd3 16. Bd6 Rd8 17. c5 Be6 18. a3 Bc4 19. Rfd1 b5 20. Bxd3 exd3
21. f3 f5 22. Kf2 Re8 23. Rd2 Re6 24. Re1 Rae8 25. Rb2 g5 26. Bc7 Kf7 27. Bd6
Kg6 28. Bc7 h6 29. Bd6 a5 30. Bc7 a4 31. Bd6 Bb3 32. Rd2 Bc2 33. Bc7 Kf7 34.
Bd6 Kf6 35. h3 h5 36. Bc7 h4 37. Bd6 Kg6 38. Bc7 Kh5 39. Bd6 Rf6 40. Rh1 Rf7
41. Re1 Re6 42. Rh1 Kg6 43. Ra1 Re8 44. Rh1 Rf6 45. Rg1 Rfe6 46. Re1 Kf7 47.
Bc7 Rf6 48. Bd6 Ree6 49. Bc7 Ke8 50. Rc1 Rf7 51. Bd6 g4 52. hxg4 fxg4 53. Rh1
g3+ 54. Kf1 Re4 55. Bf4 Rexf4 56. exf4 Rxf4 57. Ke1 Kf7 58. Rg1 Kf6 59. Rxc2
dxc2 60. Kd2 h3 61. gxh3 Rxf3 62. Kxc2 Kg5 0-1

[Event "GBR-ch 103th"]
[Site "Bournemouth"]
[Date "2016.07.25"]
[Round "1.2"]
[White "Howell, David WL"]
[Black "Kalavannan, Koby"]
[Result "1-0"]
[WhiteElo "2663"]
[BlackElo "2131"]
[PlyCount "91"]
[EventDate "2016.07.25"]
[EventType "swiss"]
[EventRounds "11"]
[EventCountry "GBR"]

1. d4 Nf6 2. Bg5 g6 3. Nd2 d5 4. e3 Bg7 5. Ngf3 O-O 6. Be2 c5 7. c3 Nc6 8. dxc5
a5 9. Qa4 Bd7 10. Bb5 Rc8 11. Rd1 Na7 12. Bxd7 Nxd7 13. Nb3 Nxc5 14. Nxc5 Rxc5
15. e4 Rc4 16. Qxc4 dxc4 17. Rxd8 Rxd8 18. Nd2 Nc6 19. a4 Ne5 20. Ke2 Rc8 21.
Ra1 e6 22. Be3 Rc6 23. h3 Bf8 24. Bd4 Bg7 25. Bxe5 Bxe5 26. g3 Bg7 27. Kd1 Kf8
28. Kc2 Ke7 29. Rd1 b6 30. Nb1 Rd6 31. Na3 Rc6 32. Nb5 Bh8 33. Kd2 Bg7 34. Ke3
Bh8 35. f4 f6 36. g4 h6 37. h4 e5 38. h5 g5 39. fxg5 fxg5 40. Ke2 Bg7 41. Na3
Ke8 42. Rd5 Ke7 43. Nc2 Ke8 44. Ne3 Bf6 45. Nf5 Bh8 46. Kd1 1-0

[Event "GBR-ch 103th"]
[Site "Bournemouth"]
[Date "2016.07.25"]
[Round "1.3"]
[White "Crocker, Philip J"]
[Black "Jones, Gawain CB"]
[Result "0-1"]
[WhiteElo "2122"]
[BlackElo "2650"]
[PlyCount "114"]
[EventDate "2016.07.25"]
[EventType "swiss"]
[EventRounds "11"]
[EventCountry "GBR"]

1. c4 g6 2. g3 Bg7 3. Bg2 d6 4. Nc3 Nc6 5. d3 e5 6. e4 f5 7. Nge2 Nf6 8. O-O
O-O 9. Nd5 Ne7 10. Nxf6+ Bxf6 11. Bh6 Re8 12. Qd2 Be6 13. b3 c6 14. Rad1 Qd7
15. f4 Rad8 16. d4 exd4 17. Nxd4 fxe4 18. Bxe4 Bg4 19. Rde1 Bh3 20. f5 Bxf1 21.
Rxf1 d5 22. cxd5 Nxd5 23. Ne6 gxf5 24. Bxd5 Qxd5 25. Qxd5 Rxd5 26. Nc7 Bd4+ 27.
Kh1 Rd6 28. Bf4 Re5 29. Rd1 Kf7 30. b4 Kg6 31. a4 Kf7 32. b5 h5 33. bxc6 bxc6
34. Bxe5 Bxe5 35. Re1 Bd4 36. Rc1 Be3 37. Rc3 Bb6 38. Na6 Rd1+ 39. Kg2 Rd2+ 40.
Kh3 Ra2 41. Nc5 Ke7 42. Rc4 Kd6 43. Nb7+ Kd5 44. Rf4 Ke5 45. Rc4 Bg1 46. Kh4
Rxh2+ 47. Kg5 Be3+ 48. Kg6 Rh3 49. Rxc6 Rxg3+ 50. Kf7 h4 51. Nd6 h3 52. Nc4+
Kd5 53. Rc8 Bd4 54. Nd2 h2 55. Rd8+ Kc6 56. Rc8+ Kb7 57. Rc1 Rg1 0-1

[Event "GBR-ch 103th"]
[Site "Bournemouth"]
[Date "2016.07.25"]
[Round "1.4"]
[White "Pert, Nicholas"]
[Black "Bicknell, Carl"]
[Result "1-0"]
[WhiteElo "2570"]
[BlackElo "2121"]
[PlyCount "55"]
[EventDate "2016.07.25"]
[EventType "swiss"]
[EventRounds "11"]
[EventCountry "GBR"]

1. d4 Nf6 2. Nf3 c5 3. d5 b5 4. Bg5 d6 5. e4 a6 6. Nbd2 Nbd7 7. a4 Rb8 8. axb5
axb5 9. c4 bxc4 10. Qc2 g6 11. Nxc4 Bg7 12. Bd3 O-O 13. O-O Ng4 14. Ra7 f6 15.
Bh4 Nge5 16. Nfxe5 dxe5 17. Na5 Qe8 18. Nb3 Rf7 19. Nxc5 Nxc5 20. Qxc5 Bf8 21.
Qc7 Bg4 22. f3 Bh5 23. Qc6 g5 24. Qxe8 Rxe8 25. Bf2 g4 26. fxg4 Bxg4 27. h3 Bc8
28. Bb5 1-0

[Event "GBR-ch 103th"]
[Site "Bournemouth"]
[Date "2016.07.25"]
[Round "1.5"]
[White "Longson, Sarah N"]
[Black "Hebden, Mark L"]
[Result "0-1"]
[WhiteElo "2117"]
[BlackElo "2509"]
[PlyCount "46"]
[EventDate "2016.07.25"]
[EventType "swiss"]
[EventRounds "11"]
[EventCountry "GBR"]

1. e4 e5 2. Nf3 Nc6 3. Bc4 Nf6 4. d4 exd4 5. e5 d5 6. Bb5 Ne4 7. Nxd4 Bd7 8.
Bxc6 bxc6 9. O-O Bc5 10. Be3 Qe7 11. f3 Nd6 12. Bf2 Nc4 13. b3 Nxe5 14. Re1 O-O
15. f4 f6 16. fxe5 fxe5 17. Bg3 Rae8 18. Bxe5 Qh4 19. g3 Bxd4+ 20. Kh1 Qg4 21.
Bxd4 Rxe1+ 22. Qxe1 Qf3+ 23. Kg1 Bh3 0-1

[Event "GBR-ch 103th"]
[Site "Bournemouth"]
[Date "2016.07.25"]
[Round "1.6"]
[White "Fodor, Tamas Jr"]
[Black "Klingher, Dominic"]
[Result "1-0"]
[WhiteElo "2505"]
[BlackElo "2117"]
[PlyCount "69"]
[EventDate "2016.07.25"]
[EventType "swiss"]
[EventRounds "11"]
[EventCountry "GBR"]

1. d4 Nf6 2. c4 d6 3. Nc3 Nbd7 4. Nf3 e5 5. g3 Be7 6. Bg2 O-O 7. O-O c6 8. e4
Qc7 9. h3 Re8 10. Be3 Bf8 11. d5 c5 12. Nd2 a6 13. f4 exf4 14. gxf4 g6 15. Qc2
Bg7 16. Rae1 Nf8 17. Qd3 Nh5 18. Kh2 Qd8 19. Nf3 f5 20. e5 dxe5 21. fxe5 Bxe5+
22. Nxe5 Rxe5 23. d6 f4 24. Bd5+ Rxd5 25. Nxd5 Qxd6 26. Bxf4 Nxf4 27. Rxf4 Bf5
28. Qg3 Kh8 29. Re7 Kg8 30. Qc3 Ne6 31. Qf6 Rf8 32. Rg7+ Kh8 33. Rf7+ Kg8 34.
Rxf8+ Qxf8 35. Ne7+ 1-0

[Event "GBR-ch 103th"]
[Site "Bournemouth"]
[Date "2016.07.25"]
[Round "1.7"]
[White "Fallowfield, Jeremy R"]
[Black "Gormally, Daniel W"]
[Result "0-1"]
[WhiteElo "2109"]
[BlackElo "2494"]
[PlyCount "66"]
[EventDate "2016.07.25"]
[EventType "swiss"]
[EventRounds "11"]
[EventCountry "GBR"]

1. e4 c5 2. Nf3 d6 3. d4 cxd4 4. Nxd4 Nf6 5. Nc3 a6 6. Bg5 e6 7. f4 Nbd7 8. Qe2
Qc7 9. O-O-O Be7 10. g4 h6 11. Bh4 b5 12. a3 Rb8 13. Bg2 b4 14. axb4 Rxb4 15.
Rhe1 Bb7 16. e5 dxe5 17. fxe5 Ng8 18. Bxe7 Nxe7 19. Bxb7 Qxb7 20. Ne4 O-O 21.
c3 Rb6 22. g5 Nd5 23. gxh6 g6 24. Nd6 Qc7 25. Qc2 Nxe5 26. Rxe5 Rxd6 27. Rxe6
Rxe6 28. Nxe6 fxe6 29. Qxg6+ Kh8 30. Qxe6 Nxc3 31. Rd7 Qf4+ 32. Kc2 Ne4 33. Rd4
Qf2+ 0-1

[Event "GBR-ch 103th"]
[Site "Bournemouth"]
[Date "2016.07.25"]
[Round "1.8"]
[White "Emms, John M"]
[Black "Talbot, Nathan L"]
[Result "1-0"]
[WhiteElo "2467"]
[BlackElo "2108"]
[PlyCount "71"]
[EventDate "2016.07.25"]
[EventType "swiss"]
[EventRounds "11"]
[EventCountry "GBR"]

1. e4 e6 2. d4 d5 3. Nd2 Nf6 4. Bd3 c5 5. e5 Nfd7 6. c3 Nc6 7. Ne2 cxd4 8. cxd4
f6 9. exf6 Nxf6 10. O-O Bd6 11. Nf3 Qc7 12. Bg5 O-O 13. Rc1 Ng4 14. Ng3 g6 15.
Nd2 Nf6 16. Nb3 Qb6 17. Be3 Bd7 18. Re1 Rf7 19. Bb1 Re8 20. h3 Qc7 21. Nf1 Qb8
22. Nc5 Bc8 23. a3 b6 24. Nb3 Bd7 25. Bd3 Ne7 26. Nbd2 Nf5 27. Nf3 Nxe3 28.
Nxe3 Bf4 29. Qc2 Nh5 30. Rcd1 Rc8 31. Qe2 Bxe3 32. Qxe3 Nf4 33. Ne5 Nxd3 34.
Rxd3 Re8 35. Nxf7 Kxf7 36. Qg5 1-0

[Event "GBR-ch 103th"]
[Site "Bournemouth"]
[Date "2016.07.25"]
[Round "1.9"]
[White "Gill, Oliver"]
[Black "Arkell, Keith C"]
[Result "1/2-1/2"]
[WhiteElo "2102"]
[BlackElo "2455"]
[PlyCount "113"]
[EventDate "2016.07.25"]
[EventType "swiss"]
[EventRounds "11"]
[EventCountry "GBR"]

1. e4 g6 2. d4 Bg7 3. Nc3 a6 4. Be3 b5 5. d5 d6 6. g4 c5 7. a3 Nf6 8. f3 e6 9.
dxe6 Bxe6 10. e5 Nfd7 11. exd6 Nc6 12. Bg2 O-O 13. Nge2 Re8 14. O-O Bc4 15. Qd2
Nd4 16. Rfe1 Rxe3 17. Qxe3 Nxc2 18. Qe4 Nxa1 19. Rxa1 Nf6 20. Qc6 Qc8 21. f4
Qxc6 22. Bxc6 Rd8 23. g5 Nh5 24. d7 b4 25. axb4 cxb4 26. Nd5 Bxd5 27. Bxd5 Rxd7
28. Bc4 Nxf4 29. Nxf4 Rd4 30. Rc1 Rxf4 31. b3 a5 32. Rf1 Be5 33. Kg2 Rg4+ 34.
Kh3 Rxg5 35. Rxf7 Kh8 36. Rf8+ Kg7 37. Rf7+ Kh6 38. Ra7 Bd4 39. Rd7 Bg7 40. Rd5
Rxd5 41. Bxd5 a4 42. bxa4 Kg5 43. Kg2 Kf4 44. Kf2 Bd4+ 45. Ke2 g5 46. Kd3 Ke5
47. Bf3 b3 48. a5 b2 49. Kc2 Kf4 50. Bh5 g4 51. a6 Kg5 52. Be8 h5 53. Bf7 h4
54. Be6 Kf4 55. Bc8 h3 56. Bd7 Kf3 57. Bc8 1/2-1/2

[Event "GBR-ch 103th"]
[Site "Bournemouth"]
[Date "2016.07.25"]
[Round "1.10"]
[White "Pert, Richard G"]
[Black "De Coverly, Roger D"]
[Result "1-0"]
[WhiteElo "2441"]
[BlackElo "2082"]
[PlyCount "95"]
[EventDate "2016.07.25"]
[EventType "swiss"]
[EventRounds "11"]
[EventCountry "GBR"]

1. d4 d5 2. c4 e6 3. Nf3 Nf6 4. Nc3 Nbd7 5. Bg5 h6 6. Bh4 Be7 7. e3 O-O 8. cxd5
Nxd5 9. Bxe7 Nxe7 10. Bd3 c5 11. O-O a6 12. Bc2 cxd4 13. Qxd4 Nc6 14. Qd6 Nf6
15. Rad1 Qxd6 16. Rxd6 e5 17. Ba4 Ne8 18. Rd2 b5 19. Bb3 Bg4 20. Bd5 Bxf3 21.
Bxf3 Rc8 22. Nd5 Rb8 23. Rc1 Na5 24. b3 Kh7 25. g4 g6 26. Nb4 Rb6 27. Rc8 Rg8
28. Rd7 Kg7 29. Ra7 Nd6 30. Rxg8+ Kxg8 31. Nd5 Rb8 32. Rxa6 Nab7 33. Rb6 Kg7
34. Nc3 b4 35. Rxb4 Rc8 36. Bxb7 Rxc3 37. a4 Rc1+ 38. Kg2 Ra1 39. Rb6 Ne8 40.
h3 Nf6 41. Rb5 Ra3 42. a5 Ne8 43. a6 Nc7 44. Rb6 h5 45. gxh5 gxh5 46. b4 Ra1
47. b5 Ra5 48. Bc6 1-0

[Event "GBR-ch 103th"]
[Site "Bournemouth"]
[Date "2016.07.25"]
[Round "1.11"]
[White "Hewson, Brian Wr"]
[Black "Tan, Justin"]
[Result "0-1"]
[WhiteElo "2082"]
[BlackElo "2438"]
[PlyCount "110"]
[EventDate "2016.07.25"]
[EventType "swiss"]
[EventRounds "11"]
[EventCountry "GBR"]

1. d4 Nf6 2. Nf3 d5 3. c4 e6 4. Nc3 c6 5. cxd5 exd5 6. Bg5 Be7 7. e3 Bf5 8. Bd3
Bxd3 9. Qxd3 Nbd7 10. a3 a5 11. O-O O-O 12. Rfc1 Ne4 13. Bxe7 Qxe7 14. b4 b5
15. Rab1 Rfc8 16. Nd2 Nxd2 17. Qxd2 Nb6 18. Qd3 Nc4 19. g3 Qd6 20. Rb3 a4 21.
Rbb1 Nxa3 22. Ne4 Qg6 23. Nf6+ Qxf6 24. Qxa3 Re8 25. Rc5 Re6 26. Rbc1 Rd8 27.
R1c3 g5 28. Qc1 Rdd6 29. Qd1 Qg6 30. Qc2 Qf6 31. Qd1 Kg7 32. Kg2 h6 33. h3 Qg6
34. Qc2 f5 35. Qd2 Rf6 36. Qe2 Rde6 37. Qd3 h5 38. Qc2 h4 39. g4 fxg4 40. Qxg6+
Kxg6 41. hxg4 Kf7 42. Rc2 Ke7 43. R5c3 Kd7 44. f3 Rf7 45. Re2 Rh6 46. e4 dxe4
47. fxe4 Rf4 48. d5 Rxg4+ 49. Kh3 Rg3+ 50. Rxg3 hxg3+ 51. Kxg3 cxd5 52. Rd2 Rd6
53. e5 Ra6 54. Rxd5+ Ke6 55. Rxb5 a3 0-1

[Event "GBR-ch 103th"]
[Site "Bournemouth"]
[Date "2016.07.25"]
[Round "1.12"]
[White "Ward, Chris G"]
[Black "Mitra, Roman C"]
[Result "1-0"]
[WhiteElo "2437"]
[BlackElo "2073"]
[PlyCount "75"]
[EventDate "2016.07.25"]
[EventType "swiss"]
[EventRounds "11"]
[EventCountry "GBR"]

1. d4 d6 2. e4 c6 3. c4 Qc7 4. Nc3 e5 5. f4 Nd7 6. Nf3 Ngf6 7. Be2 exd4 8. Nxd4
Nc5 9. Bf3 Be7 10. b4 Na6 11. a3 O-O 12. O-O Nd7 13. Qd3 Nb6 14. Be3 Bf6 15.
Rac1 Rd8 16. Qe2 Qe7 17. Rfd1 g6 18. b5 Nb8 19. a4 c5 20. Nb3 Bxc3 21. Rxc3
Nxa4 22. Rcd3 Be6 23. Qc2 Nb6 24. Na5 Qc7 25. f5 gxf5 26. e5 d5 27. cxd5 Nxd5
28. Nc4 Nd7 29. Bxd5 Nxe5 30. Nxe5 Qxe5 31. Bxe6 Rxd3 32. Bxf7+ Kxf7 33. Qxd3
Re8 34. Qc4+ Kg6 35. Bf4 Qe4 36. Rd6+ Kh5 37. Qf7+ Kg4 38. Qg7+ 1-0

[Event "GBR-ch 103th"]
[Site "Bournemouth"]
[Date "2016.07.25"]
[Round "1.13"]
[White "Hand, Freddie"]
[Black "Palliser, Richard JD"]
[Result "1/2-1/2"]
[WhiteElo "2062"]
[BlackElo "2422"]
[PlyCount "89"]
[EventDate "2016.07.25"]
[EventType "swiss"]
[EventRounds "11"]
[EventCountry "GBR"]

1. d4 d6 2. e4 Nf6 3. f3 c5 4. dxc5 Qa5+ 5. Nc3 Qxc5 6. Qd3 Nc6 7. Be3 Qa5 8.
Nge2 Bd7 9. Nd4 Rc8 10. Be2 g6 11. O-O Bg7 12. Rad1 O-O 13. Qd2 Rfe8 14. Kh1 a6
15. Nb3 Qc7 16. Nd5 Nxd5 17. exd5 Ne5 18. c3 b5 19. Bh6 Bf6 20. Bg5 Bg7 21.
Rde1 Nc4 22. Bxc4 bxc4 23. Nc1 e5 24. dxe6 Bxe6 25. Ne2 Qa5 26. a3 Bf5 27. Nc1
Qb5 28. h3 d5 29. Rxe8+ Rxe8 30. Rd1 Be6 31. Re1 Rb8 32. Re2 Qd7 33. Bf4 Rd8
34. Be5 Bxe5 35. Rxe5 Bxh3 36. gxh3 Qxh3+ 37. Qh2 Qf1+ 38. Qg1 Qxf3+ 39. Qg2
Qf4 40. Qg5 Qf1+ 41. Qg1 Qh3+ 42. Qh2 Qf1+ 43. Qg1 Qf3+ 44. Qg2 Qf4 45. Qg5
1/2-1/2

[Event "GBR-ch 103th"]
[Site "Bournemouth"]
[Date "2016.07.25"]
[Round "1.14"]
[White "Wells, Peter K"]
[Black "Birkett, Richard"]
[Result "1-0"]
[WhiteElo "2419"]
[BlackElo "2053"]
[PlyCount "67"]
[EventDate "2016.07.25"]
[EventType "swiss"]
[EventRounds "11"]
[EventCountry "GBR"]

1. d4 e6 2. e4 g6 3. h4 Bg7 4. h5 c5 5. dxc5 Qa5+ 6. c3 Qxc5 7. Be3 Qc7 8. Nf3
d5 9. exd5 exd5 10. Bb5+ Nc6 11. O-O Nge7 12. Bd4 Bxd4 13. Qxd4 O-O 14. Qf6 Nf5
15. Nbd2 Qd8 16. Qxd8 Rxd8 17. Nb3 gxh5 18. Rfe1 Kf8 19. Rad1 Rd6 20. Rd2 a6
21. Bd3 Be6 22. Nc5 b6 23. Nxe6+ fxe6 24. Bxf5 exf5 25. Nh4 f4 26. Nf5 Rf6 27.
Rxd5 Rd8 28. Rxd8+ Nxd8 29. Nd4 Kf7 30. Re5 Kg6 31. Rd5 Nf7 32. Nf3 Nd6 33.
Nh4+ Kh6 34. Rxd6 1-0

[Event "GBR-ch 103th"]
[Site "Bournemouth"]
[Date "2016.07.25"]
[Round "1.15"]
[White "Dilleigh, Stephen P"]
[Black "Houska, Jovanka"]
[Result "0-1"]
[WhiteElo "2053"]
[BlackElo "2386"]
[PlyCount "148"]
[EventDate "2016.07.25"]
[EventType "swiss"]
[EventRounds "11"]
[EventCountry "GBR"]

1. Nf3 d5 2. d4 Nf6 3. c4 e6 4. Nc3 Be7 5. cxd5 exd5 6. Qc2 c6 7. Bg5 g6 8. e4
O-O 9. e5 Nh5 10. Be3 Ng7 11. h3 Nf5 12. Bf4 a5 13. Rd1 f6 14. Bd3 fxe5 15.
Bxe5 Nd7 16. Bh2 Nf6 17. O-O Bd6 18. Be5 Bxe5 19. dxe5 Nh5 20. Ne2 Qe7 21. Qd2
Nfg7 22. Qe3 Ne6 23. Rfe1 Bd7 24. Nfd4 c5 25. Nxe6 Bxe6 26. g4 d4 27. Qe4 Qf7
28. Qg2 Ng7 29. Be4 Bxa2 30. f4 Kh8 31. Rf1 Qe7 32. Bd5 Bxd5 33. Qxd5 Rad8 34.
Qe4 Qe6 35. Rf3 b5 36. Ng3 Qd5 37. Qxd5 Rxd5 38. Ne4 Ne8 39. Nc3 Rxe5 40. Nxb5
Re2 41. Rc1 Ng7 42. Rxc5 Ne6 43. Rd5 Rc8 44. Nd6 Rc1+ 45. Rf1 Rcc2 46. Rf3 Rg2+
47. Kf1 Rh2 48. Kg1 Rcg2+ 49. Kf1 Rxb2 50. Kg1 Rbg2+ 51. Kf1 Ra2 52. Kg1 Rhg2+
53. Kf1 Rgc2 54. Kg1 Kg8 55. Ne4 Rc1+ 56. Rf1 Rxf1+ 57. Kxf1 Nxf4 58. Rd7 Kf8
59. Nf6 Ra1+ 60. Kf2 Nxh3+ 61. Kg3 Ng5 62. Rxd4 Ra3+ 63. Kg2 Kf7 64. Nd7 Ne6
65. Re4 Ra2+ 66. Kg3 Rd2 67. Ne5+ Kf6 68. Nc4 Rd3+ 69. Kg2 a4 70. Nb6 a3 71.
Ra4 Rd2+ 72. Kf3 a2 73. Ke3 Nc5 74. Ra3 Rd3+ 0-1

[Event "GBR-ch 103th"]
[Site "Bournemouth"]
[Date "2016.07.25"]
[Round "1.16"]
[White "Eggleston, David J"]
[Black "Wager, John D"]
[Result "1-0"]
[WhiteElo "2376"]
[BlackElo "2053"]
[PlyCount "49"]
[EventDate "2016.07.25"]
[EventType "swiss"]
[EventRounds "11"]
[EventCountry "GBR"]

1. e4 d5 2. exd5 Nf6 3. Nf3 Nxd5 4. d4 g6 5. c4 Nf6 6. Nc3 Bg7 7. Be2 O-O 8.
O-O Nbd7 9. Bf4 c6 10. Re1 b6 11. Ne5 Bb7 12. Bf3 Qc8 13. Qe2 Re8 14. Rad1 a6
15. h4 c5 16. Nxd7 Nxd7 17. Nd5 e5 18. dxe5 Nxe5 19. Be4 Bxd5 20. cxd5 f5 21.
Bc2 Qd7 22. d6 b5 23. Qd2 Kf8 24. Qd5 Nf7 25. Re7 1-0

[Event "GBR-ch 103th"]
[Site "Bournemouth"]
[Date "2016.07.25"]
[Round "1.17"]
[White "Bridge, Neil A"]
[Black "Batchelor, Peter J"]
[Result "0-1"]
[WhiteElo "2044"]
[BlackElo "2341"]
[PlyCount "44"]
[EventDate "2016.07.25"]
[EventType "swiss"]
[EventRounds "11"]
[EventCountry "GBR"]

1. d4 Nf6 2. c4 e6 3. Nc3 Bb4 4. Qc2 c5 5. dxc5 Na6 6. a3 Bxc3+ 7. Qxc3 Nxc5 8.
b4 Nce4 9. Qb2 d5 10. c5 d4 11. f3 Nc3 12. e3 a5 13. Bd2 axb4 14. Qxb4 e5 15.
Bxc3 Nd5 16. Bb5+ Kf8 17. Qb3 Nxc3 18. Ne2 Qg5 19. c6 Qxe3 20. Qb4+ Kg8 21. Qd6
g6 22. f4 Nxb5 0-1

[Event "GBR-ch 103th"]
[Site "Bournemouth"]
[Date "2016.07.25"]
[Round "1.18"]
[White "Harvey, Marcus R"]
[Black "Moreby, James E"]
[Result "1-0"]
[WhiteElo "2324"]
[BlackElo "2040"]
[PlyCount "89"]
[EventDate "2016.07.25"]
[EventType "swiss"]
[EventRounds "11"]
[EventCountry "GBR"]

1. Nf3 d5 2. g3 Nf6 3. Bg2 c6 4. O-O Bf5 5. d3 h6 6. Nbd2 e6 7. Re1 Be7 8. b3
O-O 9. Bb2 a5 10. e4 Bh7 11. a4 Na6 12. e5 Nd7 13. Nd4 Nb4 14. N2f3 Nb6 15. Re2
Rc8 16. Rd2 Qc7 17. Qe2 Rfe8 18. c3 Na6 19. h4 Nd7 20. Bh3 Nf8 21. Ba3 Nc5 22.
Ne1 Qb6 23. Qe3 Qa6 24. f4 b5 25. axb5 cxb5 26. Bb2 Qb6 27. Nec2 b4 28. cxb4
axb4 29. f5 exf5 30. Nxf5 Bxf5 31. Bxf5 Nfe6 32. d4 Na6 33. Rf2 Nac7 34. Qd3
Rf8 35. Ne3 Rcd8 36. Raf1 Kh8 37. Bg4 f6 38. Nf5 Rd7 39. Nxe7 Rxe7 40. exf6
Ref7 41. fxg7+ Kxg7 42. Rxf7+ Rxf7 43. Rxf7+ Kxf7 44. Qh7+ Ng7 45. Bh5+ 1-0

[Event "GBR-ch 103th"]
[Site "Bournemouth"]
[Date "2016.07.25"]
[Round "1.19"]
[White "Payne, Matthew J"]
[Black "Kolbus, Dietmar"]
[Result "1/2-1/2"]
[WhiteElo "2040"]
[BlackElo "2315"]
[PlyCount "86"]
[EventDate "2016.07.25"]
[EventType "swiss"]
[EventRounds "11"]
[EventCountry "GBR"]

1. e4 c5 2. Nc3 g6 3. f4 Bg7 4. Nf3 Nc6 5. Bb5 Nd4 6. O-O Nxb5 7. Nxb5 Nf6 8.
d3 O-O 9. Qe1 d5 10. e5 Ne8 11. d4 Nc7 12. Nxc7 Qxc7 13. Be3 Bf5 14. Rc1 c4 15.
Qh4 Qd7 16. h3 f6 17. g4 Be4 18. Nd2 f5 19. Nxe4 dxe4 20. d5 Qxd5 21. Qxe7 Rf7
22. Rcd1 Rxe7 23. Rxd5 b6 24. Bf2 Rae8 25. gxf5 gxf5 26. Bh4 Re6 27. Rfd1 Bh6
28. Rf1 Bf8 29. Kh2 Rg6 30. Rd7 a6 31. Bf6 b5 32. h4 Bh6 33. Kh3 Rg4 34. Bg5
Bxg5 35. hxg5 h6 36. gxh6 Re6 37. Rd6 Reg6 38. Rfd1 Kh7 39. Rxg6 Rxg6 40. Rd6
Rxh6+ 41. Rxh6+ Kxh6 42. Kh4 b4 43. b3 cxb3 1/2-1/2

[Event "GBR-ch 103th"]
[Site "Bournemouth"]
[Date "2016.07.25"]
[Round "1.20"]
[White "Claridge-Hansen, William"]
[Black "Pleasants, Allan J"]
[Result "1-0"]
[WhiteElo "2299"]
[BlackElo "2038"]
[PlyCount "41"]
[EventDate "2016.07.25"]
[EventType "swiss"]
[EventRounds "11"]
[EventCountry "GBR"]

1. c4 e5 2. g3 h5 3. h4 d5 4. cxd5 c6 5. dxc6 Nxc6 6. Bg2 Nf6 7. Nc3 Bc5 8. Na4
Be7 9. d3 Be6 10. Bg5 Rc8 11. Nf3 Qa5+ 12. Bd2 Bb4 13. Nc3 Nd4 14. O-O O-O 15.
a3 Be7 16. Nxd4 exd4 17. Nd5 Qd8 18. Nxe7+ Qxe7 19. Bb4 Qd7 20. Bxf8 Rxf8 21.
Qd2 1-0

[Event "GBR-ch 103th"]
[Site "Bournemouth"]
[Date "2016.07.25"]
[Round "1.21"]
[White "Menadue, Jeremy FS"]
[Black "Duncan, Chris R"]
[Result "1/2-1/2"]
[WhiteElo "2034"]
[BlackElo "2292"]
[PlyCount "70"]
[EventDate "2016.07.25"]
[EventType "swiss"]
[EventRounds "11"]
[EventCountry "GBR"]

1. d4 Nf6 2. Nf3 e6 3. c4 c5 4. e3 d5 5. Nc3 Nc6 6. a3 a6 7. dxc5 Bxc5 8. b4
Be7 9. Bb2 O-O 10. cxd5 exd5 11. Be2 Be6 12. O-O Qd7 13. Rc1 Rad8 14. b5 axb5
15. Bxb5 Qd6 16. Ne2 Ne4 17. Nf4 Rc8 18. Nh5 f6 19. Bxc6 bxc6 20. Nd4 Bd7 21.
Nf4 c5 22. Nf3 Bc6 23. Nd2 Ng5 24. Qg4 Bd7 25. Qg3 Rfd8 26. Rfd1 Ba4 27. Re1
Bf8 28. h4 Nf7 29. Qg4 Bd7 30. Qh5 Ne5 31. Qe2 Rb8 32. Ba1 c4 33. Bd4 Bf5 34.
a4 Bd3 35. Bxe5 fxe5 1/2-1/2

[Event "GBR-ch 103th"]
[Site "Bournemouth"]
[Date "2016.07.25"]
[Round "1.22"]
[White "Kalaiyalahan, Akshaya"]
[Black "Walker, Samuel A"]
[Result "1-0"]
[WhiteElo "2288"]
[BlackElo "2022"]
[PlyCount "77"]
[EventDate "2016.07.25"]
[EventType "swiss"]
[EventRounds "11"]
[EventCountry "GBR"]

1. d4 Nf6 2. c4 g6 3. g3 Bg7 4. Bg2 d5 5. cxd5 Nxd5 6. Nf3 Nb6 7. Nc3 O-O 8.
O-O Nc6 9. d5 Na5 10. Qc2 c6 11. dxc6 Nxc6 12. Rd1 Bd7 13. Bf4 Rc8 14. Rac1 Qe8
15. Qd2 Be6 16. b3 Bg4 17. Ne4 Rd8 18. Qe1 Nd5 19. Bd2 b5 20. Nc3 Nc7 21. h3
Bxf3 22. Bxf3 Nd4 23. Bg2 e6 24. e3 Nf5 25. Nxb5 Qxb5 26. Rxc7 h5 27. Rxa7 Be5
28. Ra5 Qb8 29. Ra4 Rd3 30. Ra8 Qd6 31. Rxf8+ Qxf8 32. Be4 Rd7 33. Rc1 Qa3 34.
Rc8+ Kh7 35. Bc3 Qa6 36. Ra8 Qd6 37. Bxe5 Qxe5 38. Bxf5 exf5 39. Rc8 1-0

[Event "GBR-ch 103th"]
[Site "Bournemouth"]
[Date "2016.07.25"]
[Round "1.23"]
[White "Waddington, Mike P"]
[Black "Hill, Alistair"]
[Result "1-0"]
[WhiteElo "2018"]
[BlackElo "2257"]
[PlyCount "127"]
[EventDate "2016.07.25"]
[EventType "swiss"]
[EventRounds "11"]
[EventCountry "GBR"]

1. e4 c5 2. Nc3 Nc6 3. f4 e6 4. Nf3 Nge7 5. Bb5 a6 6. Bxc6 Nxc6 7. O-O Be7 8.
d3 O-O 9. Qe1 d5 10. Qg3 dxe4 11. dxe4 Qc7 12. Be3 b6 13. e5 f5 14. exf6 Bxf6
15. Rae1 Nb4 16. Rf2 Bb7 17. Ng5 Rae8 18. Qh3 Bxg5 19. fxg5 Rxf2 20. Bxf2 Nxc2
21. g6 hxg6 22. Rxe6 Rf8 23. Re2 Nd4 24. Rd2 Qf4 25. Qe3 Qxe3 26. Bxe3 Nf5 27.
Bg5 Bc6 28. Nd5 Bxd5 29. Rxd5 Re8 30. Kf2 Nd4 31. Be3 Nc2 32. Bd2 Re6 33. Bc3
c4 34. Rd7 Ne3 35. Rxg7+ Kf8 36. Ra7 b5 37. Bd4 Nd1+ 38. Kf3 Rc6 39. Ke2 Ke8
40. Kxd1 Rd6 41. Kc2 Rxd4 42. Rxa6 Kf7 43. Rb6 Rf4 44. Rxb5 Rf2+ 45. Kc3 Rxg2
46. a4 Rxh2 47. a5 Rh8 48. Kxc4 Kf6 49. a6 g5 50. b4 g4 51. Rd5 g3 52. Rd1 Ke6
53. Kc5 g2 54. Rg1 Kd7 55. Rxg2 Kc8 56. Rg7 Kb8 57. b5 Ka8 58. b6 Rh5+ 59. Kc6
Rh6+ 60. Kc7 Rh8 61. Re7 Rc8+ 62. Kd7 Rb8 63. Re8 Rd8+ 64. Rxd8# 1-0

[Event "GBR-ch 103th"]
[Site "Bournemouth"]
[Date "2016.07.25"]
[Round "1.24"]
[White "Storey, Charles H"]
[Black "Lentzos, Ioannis"]
[Result "0-1"]
[WhiteElo "2256"]
[BlackElo "2016"]
[PlyCount "88"]
[EventDate "2016.07.25"]
[EventType "swiss"]
[EventRounds "11"]
[EventCountry "GBR"]

1. c4 c5 2. g3 Nc6 3. Bg2 g6 4. Nc3 Bg7 5. Nf3 e6 6. e4 Nge7 7. d3 O-O 8. Be3
Nd4 9. O-O Nec6 10. Nh4 d6 11. f4 Bd7 12. Qd2 a6 13. Rf2 b5 14. Raf1 f5 15.
exf5 gxf5 16. Re1 b4 17. Nd1 b3 18. axb3 Rb8 19. Kh1 Rxb3 20. Nc3 Qa5 21. Qd1
Qb6 22. g4 Qd8 23. g5 a5 24. Bc1 Nb4 25. Re3 a4 26. Ne2 Na2 27. Ng3 Nxc1 28.
Qxc1 Qb8 29. Re1 Nc6 30. Ngxf5 Rxf5 31. Nxf5 exf5 32. Bd5+ Kh8 33. Rf3 Nb4 34.
Qd1 Nxd5 35. cxd5 Bxb2 36. Re7 Be8 37. Rfe3 Bg6 38. Qe1 Be5 39. R3xe5 dxe5 40.
Qa5 Rxd3 41. Rb7 Qg8 42. Kg1 Rxd5 43. Qxa4 Qd8 44. Rb1 Rd2 0-1

[Event "GBR-ch 103th"]
[Site "Bournemouth"]
[Date "2016.07.25"]
[Round "1.25"]
[White "Simons, Martin J"]
[Black "Brown, Martin"]
[Result "0-1"]
[WhiteElo "2015"]
[BlackElo "2252"]
[PlyCount "42"]
[EventDate "2016.07.25"]
[EventType "swiss"]
[EventRounds "11"]
[EventCountry "GBR"]

1. d4 Nf6 2. f3 d5 3. e4 dxe4 4. Nc3 exf3 5. Nxf3 g6 6. Bc4 Bg7 7. O-O O-O 8.
Qe1 Nc6 9. Qh4 Bg4 10. Be3 e6 11. h3 Bxf3 12. Rxf3 Ne8 13. Qxd8 Rxd8 14. Rd1
Bxd4 15. Bxd4 Rxd4 16. Rxd4 Nxd4 17. Rd3 e5 18. Rd2 Nd6 19. Bd5 Rd8 20. g4 c6
21. Bg2 Nc4 0-1